| 000 | 01665cam a22004214i 4500 | ||
|---|---|---|---|
| 003 | PE-LiUPU | ||
| 005 | 20250731173102.0 | ||
| 008 | 150623s r 000 0 d | ||
| 035 | _a(Sirsi) a24626 | ||
| 040 |
_aPE-LiUPU _bspa _cPE-LiUPU _erda |
||
| 082 | 0 | 4 |
_a286.7 _bY78 _221 |
| 100 | 1 |
_aYoungberg, Millie, _eautor. |
|
| 245 | 1 | 0 |
_aHeart tunning : _ba guide to better family worship / _cMille Youngberg. |
| 264 | 1 |
_aWashington, DC : _bReview and Herald Publishing Association, _c1985. |
|
| 300 |
_a126 páginas ; _c21 cm. |
||
| 336 |
_atext _2rdacontent |
||
| 337 |
_aunmediated _2rdamedia |
||
| 338 |
_avolume _2rdacarrier |
||
| 505 | 0 | _aThe protecting hedge. -Family worship from eden to eden. -Elijah speaks to families. -Where have the fathhers gone?. -Standing in the gap. -Alone with God. -They too will stand alone. -How to transmit a heritage. -Sparking up the family altar. -Creative altar suggestions. -keeping the fires burning. -heart-turning and -turning. | |
| 526 | _aSEG42 | ||
| 526 | _aSEG41 | ||
| 526 | _aSEG40 | ||
| 526 | _aSEG39 | ||
| 526 | _aP94 | ||
| 526 | _aP87 | ||
| 526 | _aP86 | ||
| 526 | _aP85 | ||
| 526 | _aP77 | ||
| 526 | _aP76 | ||
| 526 | _aP35 | ||
| 610 | 2 |
_aIASD _xDoctrinas. |
|
| 700 | 1 | _aYoungberg, John. | |
| 942 |
_2ddc _cBOOK |
||
| 949 |
_a286.7 Y78 _wDEWEY _c1 _i48993 _lCCODEBUL1 _mBUL _p00.00 _r0 _sY _tBOOK _u2015-06-24 _xTEOLOGIA _PP35 _0COMPRA _o.STAFF. Colección General |
||
| 596 | _a1 | ||
| 999 |
_a286.7 Y78 _wDEWEY _c28127 _i48993 _f2021-11-11 _g6 _lCCODEBUL1 _mBUL _r0 _sY _tBOOK _u2015-6-24 _xTEOLOGIA _PP35 _0COMPRA _o.STAFF. Colección General _d28127 |
||
| 980 |
_81 _gALBERTO SANCHEZ Responsable de Automatización |
||